Baby Animals by Picture - Statistics

General Stats
  • This quiz has been taken 286 times
    260 since last reset
  • The average score is 8 of 12
Answer Stats
Picture Answer % Correct
Kitten
100%
Puppy
100%
Foal
94%
Duckling
93%
Chick
80%
Cub
79%
Kit
76%
Kid
72%
Calf
48%
Joey
34%
Hatchling
22%
Pinkie
14%
No matching quizzes found
Score Distribution
Percent of People with Each Score
Percentile by Number Answered
Your Score History
You have not taken this quiz since the last reset